Quantum Mechanics
Αποθηκεύτηκε σε:
| Κύριος συγγραφέας: | |
|---|---|
| Μορφή: | Βιβλίο |
| Γλώσσα: | English |
| Δημοσίευση: |
New York :
John Wiley,
c1970
|
| Έκδοση: | 2nd ed. |
| Θέματα: | |
| Ετικέτες: |
Προσθήκη ετικέτας
Δεν υπάρχουν, Καταχωρήστε ετικέτα πρώτοι!
|
MARC
| LEADER | 00000nam a2200000 i 4500 | ||
|---|---|---|---|
| 001 | 1/35188 | ||
| 008 | 941103s1970 eng d | ||
| 020 | |a 0-471-59680-9 | ||
| 035 | |a 1993 |c ΦΛΕΣΣΑΣ |l 10039869 | ||
| 040 | |a GR-MY-UA |b gre |e aacr | ||
| 041 | 0 | |a eng | |
| 082 | 0 | |a 530.12 | |
| 100 | 1 | |a Merzbacher, Eugen. | |
| 245 | 1 | 0 | |a Quantum Mechanics / |c Eugen Merzbacher |
| 250 | |a 2nd ed. | ||
| 260 | |a New York : |b John Wiley, |c c1970 | ||
| 300 | |a 621 p.; |c 22 cm. | ||
| 500 | |a Includes index | ||
| 650 | 0 | 0 | |a Quantum theory. |
| 852 | |a INST |b SAMOS |e 19941103 |h 530.12 MER |p 005300003295 |q 005300003295 |t BK |y 0 | ||
| 909 | |a Σ |b 029634 | ||